Central Library OPAC University of Rajshahi

Mohammed and Charlemagne / (Record no. 23615)

MARC details
000 -LEADER
fixed length control field 00734nam a2200241 a 4500
001 - CONTROL NUMBER
control field 23615
003 - CONTROL NUMBER IDENTIFIER
rucl marc code BD-RjUL
005 - DATE AND TIME OF LATEST TRANSACTION
control field 20211209000942.0
008 - FIXED-LENGTH DATA ELEMENTS--GENERAL INFORMATION
fixed length control field 180930s19581939uk 001 0 eng d
035 ## - SYSTEM CONTROL NUMBER
System control number (BD-RjUL)23680
040 ## - CATALOGING SOURCE
Original cataloging agency GWC
Transcribing agency GWC
Modifying agency OCL
-- m/c
-- MYG
-- BD-RjUL
Language of cataloging eng
041 ## - LANGUAGE CODE
Language code of text/sound track or separate title eng
082 ## - DEWEY DECIMAL CLASSIFICATION NUMBER
Edition number 23
Classification number 940.1
Author mark and year PIM 1958
100 1# - MAIN ENTRY--PERSONAL NAME
Personal name Pirenne, Henri,
Dates associated with a name 1862-1935.
9 (RLIN) 223108
245 10 - TITLE STATEMENT
Title Mohammed and Charlemagne /
Statement of responsibility, etc. by Henri Pirenne.
260 ## - PUBLICATION, DISTRIBUTION, ETC. (IMPRINT)
Place of publication, distribution, etc. London:
Name of publisher, distributor, etc. George Allen & Unwin Ltd.,
Date of publication, distribution, etc. 1939 [Impression 1958]
300 ## - PHYSICAL DESCRIPTION
Pagination 293 p. ;
Size 22 cm.
500 ## - GENERAL NOTE
General note Includes index.
651 #0 - SUBJECT ADDED ENTRY--GEOGRAPHIC NAME
Geographic name Europe
General subdivision History
Chronological subdivision 476-1492.
9 (RLIN) 223109
Geographic name Gaul
General subdivision History.
9 (RLIN) 223110
Geographic name Islamic Empire
General subdivision History.
9 (RLIN) 223111
942 ## - ADDED ENTRY ELEMENTS (KOHA)
Source of classification or shelving scheme Dewey Decimal Classification
Koha item type Books
Holdings
Lost status Source of classification or shelving scheme Damaged status Not for loan Collection code Permanent Location Current Location Shelving location Date acquired Source of acquisition Cost, normal purchase price Total Checkouts Full call number Date last seen Copy number Koha item type
  Dewey Decimal Classification     Non-fiction Central Library, University of Rajshahi Central Library, University of Rajshahi   25/09/1965 Zeitlinger 18.00   940.1 PIM 1958 30/09/2018 C-2 Books
  Dewey Decimal Classification   Not For Loan Rare Books Central Library, University of Rajshahi Central Library, University of Rajshahi Rare Book Section 30/09/2018       RA 940.1 PIM 1939 30/09/2018 C-1 Rare Books